Ha estallado la paz: novela
Gardado en:
| Autor Principal: | |
|---|---|
| Formato: | Libro |
| Idioma: | Lingua castelá |
| Publicado: |
Barcelona
Planeta
1968
|
| Edición: | 6a. ed |
| Series: | Colección Omnibús
|
| Subjects: | |
| Tags: |
Engadir etiqueta
Sen Etiquetas, Sexa o primeiro en etiquetar este rexistro!
|
MARC
| LEADER | 00000nam a2200000 a 4500 | ||
|---|---|---|---|
| 001 | UCZ3427 | ||
| 003 | CL-VaPUC | ||
| 008 | 951020e19680400SP |||||||||||||||||spa|d | ||
| 082 | 0 | 4 | |a 863 |b GIR |2 21 |
| 100 | |a Gironella, José María |e author |9 376960 | ||
| 245 | 1 | 0 | |a Ha estallado la paz: novela |
| 250 | |a 6a. ed | ||
| 300 | |a 758 p | ||
| 942 | |c BK | ||
| 945 | |d 19951020 00:00:00 |a lriquelm | ||
| 260 | |a Barcelona |b Planeta |c 1968 | ||
| 650 | 0 | |a Novelas españolas |9 265052 | |
| 650 | 0 | |a Literatura española |9 306261 | |
| 650 | 0 | |a Guerra civil |9 320243 | |
| 651 | 0 | |a España |9 254926 | |
| 583 | |a last modification |c 19951020 00:00:00 |k Rodrigo Vera | ||
| 490 | 0 | |a Colección Omnibús | |
| 999 | |c 239903 |d 239901 | ||
| 952 | |0 0 |1 0 |4 0 |6 863_000000000000000_GIR_1968 |7 0 |8 P |9 251403 |a BIBEDU |b BIBEDU |c BIBEDU_PB |d 2019-11-18 |i 1587854 |o 863 GIR 1968 |p 1587854 |r 2024-01-25 |w 2019-11-18 |y BK |k FIL | ||